20 Oldest Cities in Europe current population 100,000+ - Statistics

General Stats
  • This quiz has been taken 118 times
  • The average score is 10 of 20
Answer Stats
Country Answer Founded % Correct
Greece Athens 5th-4th millennia BCE
99%
Italy Rome 753 BCE
98%
Portugal Lisbon circa 1200 BCE
94%
Italy Naples 680 BCE
89%
Turkey Istanbul 660 BCE (Thrace)
81%
Italy Palermo 734 BCE
73%
France Marseille 600 BCE
72%
Spain Seville 8th century BCE
69%
Spain Málaga 8th century BCE
55%
Albania Durrës 627-625 BCE
42%
Italy Syracuse 734 BCE
41%
Spain Cádiz 1104 BCE
34%
Italy Messina 8th century BCE
32%
Greece Patras circa 1100 BCE
28%
Italy Cagliari 8th century BCE
25%
Italy Taranto 706 BCE
24%
Greece Chania 1700-1500 BCE
14%
Italy Reggio di Calabria 743 BCE
8%
Greece Chalcis before 1200 BCE
4%
Russia Derbent 8th century BCE
2%
No matching quizzes found
Score Distribution
Percent of People with Each Score
Percentile by Number Answered
Your Score History
You have not taken this quiz